Online
Catalog
Normal view MARC view

Entry Nombre personal

Number of records used in: 29

001 - NÚMERO DE CONTROL

  • campo de control: 4173

003 - IDENTIFICADOR DEL NÚMERO DE CONTROL

  • campo de control: BNPHU

005 - FECHA Y HORA DE LA ÚLTIMA TRANSACCIÓN

  • campo de control: 20250128171936.0

008 - DATOS DE LONGITUD FIJA

  • campo de control de longitud fija: 200615|| aca||aabn | a|a d

010 ## - NÚMERO DE CONTROL DE LA BIBLIOTECA DEL CONGRESO

  • Número de control de LC: n 79007035
  • Número de control de LC cancelado o no válido: n 82021645
  • Número de control de LC cancelado o no válido: n 80105133

040 ## - FUENTE DE LA CATALOGACIÓN

  • Centro catalogador/agencia de origen: DO-SdBNP
  • Lengua de catalogación: spa
  • Centro/agencia transcriptor: BNPHU
  • Normas de descripción: rda

046 ## - FECHAS CON CODIFICACIÓN ESPECIAL

  • Fecha de nacimiento: 1899
  • Fecha de la muerte: 1986

100 1# - ENCABEZAMIENTO-NOMBRE DE PERSONA

  • Nombre de persona: Borges, Jorge Luis,
  • Fechas asociadas al nombre: 1899-1986

370 ## - LUGAR ASOCIADO

  • Lugar de nacimiento: Buenos Aires (Argentina)
  • Lugar de fallecimiento: Ginebra (Suiza)

372 ## - CAMPO DE ACTIVIDAD

  • Campo de actividad: Novelas
  • Campo de actividad: Escritor

400 1# - TRAZADO DE VÉASE--NOMBRE DE PERSONA

  • Nombre de persona: Borges, J. L.
  • Fechas asociadas al nombre: 1899-1986
  • Forma completa/desarrollada del nombre: (Jorge Luis),

400 1# - TRAZADO DE VÉASE--NOMBRE DE PERSONA

  • Nombre de persona: Borhes, Horhe Luis,
  • Fechas asociadas al nombre: 1899-1986

400 1# - TRAZADO DE VÉASE--NOMBRE DE PERSONA

  • Nombre de persona: Borkhes, Khorkhe Luyis,
  • Fechas asociadas al nombre: 1899-1986

400 1# - TRAZADO DE VÉASE--NOMBRE DE PERSONA

  • Nombre de persona: Borches, Chorche Louis,
  • Fechas asociadas al nombre: 1899-1986

400 1# - TRAZADO DE VÉASE--NOMBRE DE PERSONA

  • Nombre de persona: Bustos Domecq, H.
  • Forma completa/desarrollada del nombre: (Honorio)

400 1# - TRAZADO DE VÉASE--NOMBRE DE PERSONA

  • Nombre de persona: Domecq, H. Bustos
  • Forma completa/desarrollada del nombre: (Honorio Bustos)

500 ## - TRAZADO DE VÉASE ADEMÁS--NOMBRE DE PERSONA

  • Nombre de persona: Suárez Lynch, B.
  • Subcampo de control: nnnc

663 ## - REFERENCIA COMPLEJA DE VÉASE ADEMÁS--NOMBRE

  • Texto explicativo: Para trabajos de este autor escritos en colaboración con Adolfo Bioy Casares bajo el seudónimo compartido B. Suárez Lynch, busque también bajo:
  • Encabezamiento referido a: Suárez Lynch, B.

670 ## - FUENTE DE DATOS ENCONTRADOS

  • Cita de la fuente: Work cat.: (OSt)1173: Borges, Jorge Luis, 1899-1986, Nueva antología personal /, 1980.

670 ## - FUENTE DE DATOS ENCONTRADOS

  • Cita de la fuente: Indice de la nueva poesía americana, 1926.

670 ## - FUENTE DE DATOS ENCONTRADOS

  • Cita de la fuente: Becco, H. J. Jorge Luis Borges, c1973, |b p. 61-62 (Honorio Bustos Domecq and B. Suárez Lynch son seudónimos conjuntos de Adolfo Bioy Casares y Jorge Luis Borges)
  • Información encontrada: p. 61-62 (Honorio Bustos Domecq and B. Suárez Lynch son seudónimos conjuntos de Adolfo Bioy Casares y Jorge Luis Borges)

670 ## - FUENTE DE DATOS ENCONTRADOS

  • Cita de la fuente: El Cuento policial, c1981:
  • Información encontrada: portada (H. Bustos Domecq) p. 28 (H. Bustos Domecq, pseud. de Jorge Luis Borges y Adolfo Bioy Casares) p. iii (doctor Honorio Bustos Domecq)

670 ## - FUENTE DE DATOS ENCONTRADOS

  • Cita de la fuente: Latella, G. Metodología y teoría semiótica, 1985:
  • Información encontrada: portada (J. L. Borges) p. 4 de la cubierta (Jorge Luis Borges)

670 ## - FUENTE DE DATOS ENCONTRADOS

  • Cita de la fuente: Izabrane pesme, 1982:
  • Información encontrada: portada . (Horhe Luis Borhes)

670 ## - FUENTE DE DATOS ENCONTRADOS

  • Cita de la fuente: Verdugo-Fuentes, W. En voz de Borges, 1986:
  • Información encontrada: p. 8 (Jorge Luis Borges, m. 6/14/86 in Ginebra, Suiza)

670 ## - FUENTE DE DATOS ENCONTRADOS

  • Cita de la fuente: Ficciones ; El aleph ; El informe ... 1986 :
  • Información encontrada: portada (Jorge Luis Borges) p. 231-243 (Jorge Francisco Isidoro Luis Borges ; n. Ago. 24, 1899 en Buenos Aires ; m. Mar. 14, 1986 en Ginebra)

670 ## - FUENTE DE DATOS ENCONTRADOS

  • Cita de la fuente: Khorkhe Luyis Borkhes, 1976.

670 ## - FUENTE DE DATOS ENCONTRADOS

  • Cita de la fuente: Ho Borches sten Krete, 1985:
  • Información encontrada: p. 13 (Chorche Louis Borches)

670 ## - FUENTE DE DATOS ENCONTRADOS

  • Identificador Uniforme del Recurso: https://authorities.loc.gov/cgi-bin/Pwebrecon.cgi?AuthRecID=488788&v1=1&HC=7&SEQ=20250128171814&PID=MHATZidM6OaK3QKG1PPBS1TGYeo Consultado en 28 de enero, 2025

670 ## - FUENTE DE DATOS ENCONTRADOS

  • Identificador Uniforme del Recurso: https://librunam.dgb.unam.mx:8443/F/KKLCXELVR3NQI8EQDUDC5SMCGBTA4TXF8TDLCAYNDX6GTDGA7P-13087?func=find-acc&acc_sequence=000125373 Consultado en 28 de enero, 2025

Powered by Koha